| 000 | 00361nam a22001217a 4500 | ||
|---|---|---|---|
| 999 |
_c2273 _d2273 |
||
| 005 | 20200910160429.0 | ||
| 008 | 200910b ||||| |||| 00| 0 eng d | ||
| 020 | _a0750235764 | ||
| 040 | _cCML | ||
| 245 |
_aThe Kennedy Assasination. _cGogerly, L. |
||
| 260 |
_aItaly _bG.canale and C.Sp.A, Turin _c2002 |
||
| 942 |
_2ddc _cBK _e1st Edition _h973 _mGOG |
||